LIBRARY & INFORMATION CENTRE, KCAET, TAVANUR

ONLINE PUBLIC ACCESS CATALOGUE (OPAC)

Development and performance evaluation of a solar dryer of copra (Record no. 15356)

MARC details
000 -LEADER
fixed length control field 00658nam a22001817a 4500
003 - CONTROL NUMBER IDENTIFIER
control field OSt
088 ## - REPORT NUMBER
Report number T 400
100 ## - MAIN ENTRY--AUTHOR NAME
Personal name SAI KRISHNA, V
245 ## - TITLE STATEMENT
Title Development and performance evaluation of a solar dryer of copra
260 ## - PUBLICATION, DISTRIBUTION, ETC. (IMPRINT)
Place of publication Tavanur
Name of publisher Kelappaji College of Agricultural Engineering and Technology
300 ## - PHYSICAL DESCRIPTION
Number of Pages 104
500 ## - GENERAL NOTE
General note Development and performance evaluation of a solar dryer of copra<br/>
520 ## - SUMMARY, ETC.
Summary, etc Development and performance evaluation of a solar dryer of copra
700 ## - ADDED ENTRY--PERSONAL NAME
Personal name Er. George Mathew (Guide)
856 ## - ELECTRONIC LOCATION AND ACCESS
Uniform Resource Identifier https://drive.google.com/open?id=1_UuW-iYZ0GWnJpc5o-LR5XO266TEMgN6
942 ## - ADDED ENTRY ELEMENTS (KOHA)
Koha item type Theses
Holdings
Collection code Home library Current library Shelving location Full call number Accession Number Koha item type Public note
Reference KAUAET KAUAET Reference 664 SAI/DE T 400 Theses M.Tech Thesis
free website counter